Liberální penzijní model a sociální penze

Základné varianty fungovania liberálneho dôchodkového systému. Fiškálna politika a aplikácie tohto moderného variantu vyplácania dôchodkov v konkrétnych krajinách.

Na minha lista:
Detalhes bibliográficos
Autor principal: Vostatek, Jaroslav
Formato: Capítulo de Livro
Idioma:tcheco
Assuntos:
Tags: Adicionar Tag
Sem tags, seja o primeiro a adicionar uma tag!

MARC

LEADER 00000naa a2200000 4500
001 0185139
005 20221020085207.7
041 0 |a cze 
044 |a CZ 
245 1 0 |a Liberální penzijní model a sociální penze  |c Jaroslav Vostatek 
520 |a Základné varianty fungovania liberálneho dôchodkového systému. Fiškálna politika a aplikácie tohto moderného variantu vyplácania dôchodkov v konkrétnych krajinách. 
610 2 0 |a poistenie sociálne 
610 2 0 |a systémy dôchodkové 
610 2 0 |a dôchodky starobné 
610 2 0 |a dôchodky sociálne 
610 2 0 |a systémy sociálne 
610 2 0 |a modely sociálne 
610 2 0 |a liberalizmus 
100 1 |a Vostatek, Jaroslav